| 000 | 00615nam a2200229Ia 4500 | ||
|---|---|---|---|
| 001 | 48292 | ||
| 005 | 20240114003903.0 | ||
| 007 | ta | ||
| 008 | 090512s g b000 u 465 u | ||
| 040 | _aCotton College,Assam | ||
| 041 | _a465 | ||
| 082 |
_a321.2 _bD 954 V |
||
| 100 | _aDutt, G. S. . | ||
| 245 | 0 |
_aVillage Reorganisation / _cG. S. Dutt. _hTextual Documents |
|
| 260 |
_aCalcutta : _bChuckervertty, Chatterjee & Co. , _cnd. |
||
| 300 |
_a32p ; _c20 cm. |
||
| 653 | _aPolitical Science | ||
| 653 | _aT/G-Political Science | ||
| 942 |
_2ddc _cBK |
||
| 999 |
_c48257 _d48257 |
||